Daily bulletin of orders affecting Postal Service, Vol. XXX.

Bibliographic Details
Corporate Author: United States. Railway Mail Service
Format: Government Document eBook
Language:English
Published: [Washington] : [publisher not identified], 1909.
Subjects:
Online Access:Connect to the full text of this electronic document

MARC

Tag First Indicator Second Indicator Subfields
LEADER 00000cam a22000001a 4500
001 in00003671111
005 20190408173125.0
006 m o d f
007 cr bn mmmapmmp
008 141211s1909 dcu o f000 0 eng d
035 |a ebd1909600338 
040 |a UMI  |c UMI  |d UtOrBLW 
086 0 |a P 1.3:v.30/8795 
099 |a P103-30 
110 1 |a United States.  |b Railway Mail Service.  |0 http://id.loc.gov/authorities/names/n85209498 
245 1 0 |a Daily bulletin of orders affecting Postal Service, Vol. XXX. 
264 1 |a [Washington] :  |b [publisher not identified],  |c 1909. 
300 |a 1 online resource (1-2 pages) 
336 |a text  |b txt  |2 rdacontent 
337 |a computer  |b c  |2 rdamedia 
338 |a online resource  |b cr  |2 rdacarrier 
500 |a Series of bulletins published for the information of superintendents of the Railway Mail Service and of other officers and employees of the Postal Service. Bulletins cover Post Office Department organization; post offices established, discontinued, and renamed; mail messenger service established and discontinued; steamboat, railroad, and star service and special service route and schedule changes; registered mail service; foreign mail service; and postmasters commissioned and bonded. 
533 |a Electronic reproduction.  |b [Bethesda, Md.] :  |c ProQuest,  |d 2014.  |e digital, PDF file.  |n ProQuest U.S. Executive Branch Documents  |n Mode of access: World Wide Web via ProQuest website. 
588 |a Record is based on online resource; title from PDF title page (ProQuest, last viewed Dec. 2014). Reuse except for individual research requires license from ProQuest, LLC. 
500 |a Electronic resource. 
650 0 |a Postal conventions.  |0 http://id.loc.gov/authorities/subjects/sh85105465 
650 0 |a Postal rates.  |0 http://id.loc.gov/authorities/subjects/sh85105499 
650 0 |a Postal service  |x Employees.  |0 http://id.loc.gov/authorities/subjects/sh85105483 
650 0 |a Postal service.  |0 http://id.loc.gov/authorities/subjects/sh85105472 
655 7 |a Electronic books.  |2 local 
856 4 0 |u http://proxy.library.tamu.edu/login?url=http://congressional.proquest.com/congressional/docview/t66.d71.p103-30  |z Connect to the full text of this electronic document  |t 0 
999 f f |s 934a4d80-6d9e-3d66-aba2-35e4f42c56ea  |i eef669ac-4c8a-348f-a8d2-06a8915c671e  |t 0 
952 f f |a Texas A&M University  |b College Station  |c Electronic Resources  |d Available Online  |t 0  |h No information provided 
998 f f |t 0  |l Available Online